Hướng dẫn sử dụng và tự làm thiết bị dạy học môn tiếng Việt bậc Tiểu học

সংরক্ষণ করুন:
গ্রন্থ-পঞ্জীর বিবরন
প্রধান লেখক: Đàm Hồng Quỳnh (Tác giả)
বিন্যাস: গ্রন্থ
ভাষা:Vietnamese
প্রকাশিত: H. Nxb Giáo dục 2001
সংস্করন:Tái bản lần thứ nhất
বিষয়গুলি:
ট্যাগগুলো: ট্যাগ যুক্ত করুন
কোনো ট্যাগ নেই, প্রথমজন হিসাবে ট্যাগ করুন!
Thư viện lưu trữ: Mạng thư viện Đại học Đà Nẵng
LEADER 01239nam a2200349 4500
001 000007856
003 4026
005 20111013071032.0
008 111012s2001 viesd
020 |c 8700đ 
041 0 |a vie 
082 |a 372.6028  |b ĐA-Q 
100 0 |a Đàm Hồng Quỳnh  |e Tác giả 
245 0 |a Hướng dẫn sử dụng và tự làm thiết bị dạy học môn tiếng Việt bậc Tiểu học  |c Đàm Hồng Quỳnh tác giả 
250 |a Tái bản lần thứ nhất 
260 |a H.  |b Nxb Giáo dục  |c 2001 
300 |a 180 tr.  |c 21 cm 
653 |a Sách hướng dẫn 
653 |a Thiết bị dạy học môn tiếng việt 
653 |a Bậc Tiểu học 
700 |a Đàm Hồng Quỳnh  |e Tác giả 
910 |a duyên 
OWN |a LSP 
AVA |a UDN50  |b LSP  |d 372.6028 ĐA-Q  |e unavailable  |t Error 5002 Not defined in file expand_doc_bib_avail.  |f 1  |g 1  |h N  |i 0  |k 1 
999 |a From the UDN01 
AVA |a UDN50  |b LSP  |d 372.6028 ĐA-Q  |e unavailable  |t Error 5002 Not defined in file expand_doc_bib_avail.  |f 1  |g 1  |h N  |i 0  |k 1 
TYP |a Monograph 
TYP |a Printed language 
980 |a Mạng thư viện Đại học Đà Nẵng